Právní otázky organizace a postavení výrobních hospodářských jednotek
Salvato in:
| Autore principale: | |
|---|---|
| Natura: | Libro |
| Lingua: | ceco |
| Pubblicazione: |
Praha
Ústav hospodářského práva
1979
|
| Serie: | Výzkumné práce
|
| Tags: |
Nessun Tag, puoi essere il primo ad aggiungerne!!
|
MARC
| LEADER | 00000nam a2200000 4500 | ||
|---|---|---|---|
| 001 | 0220483 | ||
| 005 | 20240822101657.9 | ||
| 041 | 0 | |a cze | |
| 044 | |a CZ | ||
| 245 | 1 | 0 | |a Právní otázky organizace a postavení výrobních hospodářských jednotek |c Z. Trávníček |
| 264 | 1 | |a Praha |b Ústav hospodářského práva |c 1979 | |
| 300 | |a 139 s. | ||
| 490 | 1 | |a Výzkumné práce | |
| 830 | 0 | |a Výzkumné práce | |
| 100 | 1 | |a Trávníček, Z. | |